El niño autista : diagnóstico-tratamiento-perspectivas
Guardat en:
| Autor principal: | |
|---|---|
| Altres autors: | |
| Format: | Llibre |
| Idioma: | espanyol |
| Publicat: |
El Ateneo.
1982.
|
| Matèries: | |
| Etiquetes: |
Afegir etiqueta
Sense etiquetes, Sigues el primer a etiquetar aquest registre!
|
MARC
| LEADER | 00000nam a22000005a 4500 | ||
|---|---|---|---|
| 001 | 3604 | ||
| 003 | CL-ChBUA | ||
| 005 | 20120815102831.0 | ||
| 008 | 070301s1982 ag 000 0 spa | ||
| 020 | |a 9500357232 | ||
| 040 | |a CL-ChBUA |c CL-ChBUA | ||
| 082 | 0 | 0 | |a 370.15 |
| 090 | |c 3604 |d 3604 | ||
| 100 | 1 | |a Furneaux, Bárbara. | |
| 245 | 1 | 0 | |a El niño autista : |b diagnóstico-tratamiento-perspectivas |
| 260 | |b El Ateneo. |c 1982. | ||
| 300 | |a 184 p. |c 21 cm. | ||
| 650 | 4 | |a PSICOLOGIA PEDAGOGICA. | |
| 650 | 4 | |a ESQUIZOFRENIA. | |
| 700 | 1 | |a Roberts, Brian, comp. | |
| 942 | |c LIB | ||
| 952 | |0 0 |1 0 |4 0 |7 0 |9 5348 |a UNACH |b UNACH |c 300 |d 2007-03-05 |i 20.195. |l 5 |o 370.15 / N 717. |p 6347 |r 2026-03-26 08:18:29 |s 2026-03-20 |u 5348 |w 2012-08-08 |y LIB |k 370.15 / N 717. | ||
| 999 | |c 3604 |d 3604 | ||